00406nam a2200157Ia 4500003000400000008004100004040001600045082001300061100001800074245004800092260003500140300001000175490002500185650002200210650001600232GCL140319s9999 xx 000 0 eng d aGCL / cGCL04a843bF C1 aTROYAT, HENRI10aFLAUBERT: UN COEUR SIMPLE / cTROYAT, HENRI a[S.N] : bFLAMMARION ، c1988 a398 P aLE LIVRE DE POCHEv004aFLAUBERT, GUSTAVE04aBIOGRAPHIES